Sanskrt And Eco Aesthetics / (Record no. 195478)

MARC details
000 -LEADER
fixed length control field 00651nam a22001937a 4500
005 - DATE AND TIME OF LATEST TRANSACTION
control field 20230329164814.0
010 ## - LCCN (DPL NO)
LC control number ENG-136554
020 ## - INTERNATIONAL STANDARD BOOK NUMBER
International Standard Book Number 9788183153317
Terms of availability 600.00
035 ## - SYSTEM CONTROL NUMBER
System control number EN-120086
037 ## - SOURCE OF ACQUISITION
Source of stock number/acquisition DBAD/PUB
082 ## - DEWEY DECIMAL CLASSIFICATION NUMBER
Classification number 810.08
100 ## - MAIN ENTRY--PERSONAL NAME
Personal name Adat, Dharmaraj
245 ## - TITLE STATEMENT
Title Sanskrt And Eco Aesthetics /
Statement of responsibility, etc By Dharmaraj Adat,
250 ## - EDITION STATEMENT
Edition statement First
260 ## - PUBLICATION, DISTRIBUTION, ETC. (IMPRINT)
Place of publication, distribution, etc New Delhi
Name of publisher, distributor, etc New Bhartiya Book Corporation
Date of publication, distribution, etc 2018
270 ## - ADDRESS
Address 208,2nd Floor, Prakash Deep Building, 4735/22 Ansari Road, Darya Ganj
City New Delhi
Postal code 110002
Electronic mail address deepak.nbbc@yahoo.in
Telephone number 011-23280209
-- 23280214
300 ## - PHYSICAL DESCRIPTION
Extent 242p.;
Dimensions 21cm(hbk)
942 ## - ADDED ENTRY ELEMENTS (KOHA)
Source of classification or shelving scheme Dewey Decimal Classification
Item type English Books
Classification part 810.08
Call number suffix DHA
Holdings
Withdrawn status Lost status Not for loan Collection code Home library Current library Date acquired Source of acquisition Cost, normal purchase price Full call number Barcode Copy number Cost, replacement price Koha item type
      Non-fiction Ashok Vihar Ashok Vihar 29/03/2023 DBAD/PUB 600.00 810.08 DHA EN-120086 1 600.00 English Books

© Delhi Public Library
Hit Counter
free hit counter